000 00904cam a2200301 4500
008 090401t1994 xxu||||| |||| 00| 0 eng d
020 _a0117529508
035 _a(Sirsi) u73611
041 _aeng
050 _a711.1
110 _aUnited Kingdom
_bDepartment of the Environment
_9982
245 _aMinerals planning guidance: coal mining and colliery spoil disposal.
250 _a2nd ed.
260 _aLondon
_bHMSO
_c1994
300 _a41p. ; 30cm.
350 _a6.95
490 _aMPG
_v3
520 _aSupersedes first edition "Opencast coal mining" (ISBN 0117521205). Superseded by revised edition (ISBN 0117534986).
650 _aCOAL MINING
650 _aCOLLIERY SPOIL
650 _aDEVELOPMENT PLANS
650 _aMINERALS PLANNING
650 _aMPG3
690 _aMINING AND MINERALS
710 _aUnited Kingdom
_bWelsh Office
_91214
942 _n0
948 _c04/03/1997
999 _c95648
_d95648